000
00305nam a2200109Ia 4500
008
200302s9999 xx 000 0 und d
100
_a
Harold Linton and Richard Rochon
245
_a
Urban Reflections Illustrated World Cities
260
_b
The Images Publishing Pty., Ltd.,
260
_c
2004
300
_a
184
999
_c
5324
_d
5324